Petit Bac: Les Pokémon de type Acier - Statistiques

Statistiques générales
  • Ce quiz a été pris 458 fois
    327 depuis la dernière actualisation
  • Le résultat moyen est 13 sur 19
Statistiques - réponses
Lettre Pokémon % Correct
M Magearna / Magnéti / Magnéton / Magnézone / Melmetal / Meltan / Métalosse / Metang /Miaouss / Minotaupe / Monorpale / Muplodocus / Mysdibule
96%
A Airmure / Ama-Ama / Arceus / Archéodong / Archéomire
93%
C Charibari / Chef-de-fer/ Cheniselle / Cizayox / Clic/ Cliticlic / Cobaltium / Colimucus / Corvaillus
89%
D Dialga / Dimocles / Dinoclier / Duralugon
89%
S Sabelette / Sablaireau / Scalpereur / Scalpion / Scalproie / Steelix / Solgaleo
84%
T Tarinorme /Taupiqueur / Terhal / Tic / Togedemaru / Tropikeur / Trousselin
84%
G Galegon / Galekid / Galeking / Genesect / Grindur / Gromago
81%
B Bamboiselle / Bastiodon / Berserkatt
78%
F Ferdeter / Fermite / Foretress / Forgelina / Forgella / Forgette
70%
N Necrozma / Noacier
68%
E Exagide
67%
P Pachyradjah / Pingoléon / Pondralugon
59%
H Heatran
55%
R Registeel / Roue-de-Fer
53%
Z Zacian / Zamazenta
52%
L Lançargot / Limonde / Lucario
51%
J Jirachi
47%
K Katagami
36%
V Vrombi / Vrombotor
33%
Aucun quiz correspondant
Distribution des résultats
% des personnes avec chaque résultat
Percentile par nombre de réponses
Votre historique - résultats
Vous n’avez pas pris ce quiz depuis la dernière actualisation